[Event "Orbis-2 IM 2018"]
[Site "Paracin"]
[Date "2018.12.06"]
[Round "5"]
[White "Lajthajm, Borko"]
[Black "Om Kharola"]
[Result "1-0"]
[WhiteElo "2405"]
[BlackElo "2080"]
[Annotator "TA"]
[PlyCount "119"]
[EventDate "2018.12.03"]
[EventType "tourn"]
[EventCountry "SRB"]
[SourceTitle "playchess.com"]
[Source "ChessBase"]
[SourceQuality "1"]

{[%evp 10,119,27,-12,29,22,35,32,32,37,42,25,43,21,28,24,23,23,70,51,56,42,36,0,0,-4,0,-13,0,0,47,53,41,62,43,60,33,33,34,16,23,16,31,14,35,9,10,10,10,9,9,9,8,6,8,0,0,0,0,0,0,0,0,0,0,0,0,0,0,0,0,0,0,0,22,25,73,0,6,8,8,8,8,19,77,83,141,162,195,208,449,443,425,422,399,398,520,83,2093,1943,1556,1329,12835,5073,29968,29976,29974,29969,29976,29975,29977,29976]} 1. d4 Nf6 2. c4 e6 3. Nf3 d5 4. Nc3 a6 5. cxd5 exd5 6. Qc2 {LiveBook: 4 Games. D37: Queen's Gambit Declined: 5 Bf4} (6. Bg5 Be6 7. e3 Nbd7 8. Bd3 h6 9. Bf4 g5 10. Bg3 Nh5 11. Be5 Nhf6 12. Bg3 Nh5 13. Qb3 Nxg3 14. hxg3 {½-½ (48) Karjakin,S (2773)-Caruana,F (2822) Saint Louis 2018}) 6... h6 7. Bf4 Nc6 $146 {[%cal Bb8c6,Bc6b4,Bb4d3][%mdl 32]} ({Predecessor:} 7... Bd6 8. Be5 Be6 9. e3 Nc6 10. Bxd6 Qxd6 11. a3 O-O 12. Bd3 Bg4 13. Nd2 Nd8 {½-½ (44) Vaganian,R (2548)-Bosiocic,M (2597) Tsaghkadzor 2017}) 8. e3 {White is slightly better.} Bd6 9. Bxd6 Qxd6 10. h3 Nb4 11. Qb3 Bf5 {Strongly threatening ...Nc2+.} 12. Rc1 O-O 13. Be2 Nd3+ 14. Bxd3 $1 Bxd3 15. Ne5 Bh7 16. O-O Rab8 17. Na4 Ne4 {And now ...Nd2 would win.} 18. Rfd1 Rfe8 19. Nd3 b6 20. Qc2 Rbc8 21. Qc6 Qxc6 22. Rxc6 Bf5 $1 {[%cal Rf5d7] White should prevent ...Bd7.} 23. Rcc1 a5 $1 24. Ne5 Nd6 25. b3 Nb5 26. g4 Be6 27. Nc3 (27. Nc6 {looks sharper.} h5 28. gxh5 Bxh3 29. Nc3 Nxc3 30. Rxc3 Ra8 31. Rdc1) 27... Nxc3 28. Rxc3 c5 29. dxc5 Rxc5 30. Rxc5 bxc5 $11 {[%mdl 4096] Endgame KRB-KRN} 31. Nc6 a4 32. b4 Bd7 33. b5 Bxc6 34. bxc6 {KR-KR} Rc8 35. Rxd5 Rxc6 36. Rd8+ Kh7 37. Kf1 c4 38. Rd2 Rb6 39. Rc2 a3 40. Ke2 Rb1 41. Kd2 Rh1 42. Rxc4 Rxh3 {[#]} 43. Rf4 (43. Ke2 $1 $16) 43... Rh1 44. Kc2 Kg8 45. Kb3 g5 46. Rf5 Rg1 (46... Kg7 $11 {remains equal.}) 47. f3 $16 ({Don't play} 47. Kxa3 Rxg4 48. Rf3 h5 $15) 47... Re1 ({Better is} 47... Rb1+ 48. Kxa3 Rb6) 48. Kxa3 Rxe3+ 49. Kb4 Re1 $2 (49... Kg7 50. a4 Kg6) 50. a4 $18 Kg7 51. a5 Ra1 52. Rc5 f6 53. Rc3 $2 (53. Kb5 $18 {is more deadly.}) 53... Kg6 $2 {[%mdl 8192] [#]} (53... f5 $16 54. Ra3 (54. gxf5 h5 $14) 54... Rb1+ 55. Kc5 Rc1+ 56. Kb6 Rb1+ 57. Kc6 Rc1+ 58. Kb7 fxg4 59. fxg4 Rb1+ 60. Kc6 Rc1+ 61. Kd5 Rd1+ 62. Kc4 Rc1+ 63. Kd5 Rd1+ 64. Kc4 Rc1+ 65. Kd5) 54. Ra3 $1 {[%cal Ra3a1]} Rb1+ 55. Kc5 h5 56. a6 Rb8 57. a7 {White mates.} Ra8 58. Ra6 ({Less strong is} 58. gxh5+ Kxh5 59. Ra5 g4 $16) 58... Rc8+ 59. Kb6 Rh8 60. a8=Q {Accuracy: White = 64%, Black = 44%.} 1-0

[Event "Orbis-2 IM 2018"]
[Site "Paracin"]
[Date "2018.12.06"]
[Round "5"]
[White "Klasan, Vladimir"]
[Black "Rakshitta Ravi"]
[Result "1-0"]
[WhiteElo "2364"]
[BlackElo "2141"]
[Annotator "TA"]
[PlyCount "97"]
[EventDate "2018.12.03"]
[EventType "tourn"]
[EventCountry "SRB"]
[SourceTitle "playchess.com"]
[Source "ChessBase"]
[SourceQuality "1"]

{[%evp 13,97,17,18,-34,-31,-36,-25,-34,-20,-40,-16,-33,-29,-45,-23,-28,-25,-20,-29,-30,-6,-60,-9,-28,37,33,35,36,46,53,70,75,75,56,77,51,102,68,138,45,98,95,92,78,78,96,73,0,36,58,30,0,179,203,262,257,277,266,259,265,324,352,464,475,495,462,418,252,207,216,202,121,508,501,502,505,485,465,867,832,839,799,1542,1319,29996,29997]} 1. e4 e5 2. Nf3 Nc6 3. Bb5 a6 4. Ba4 Nf6 5. d3 b5 6. Bb3 Be7 7. a4 b4 {LiveBook: 82 Games. C77: Ruy Lopez: 3...a6 4 Ba4 Nf6, unusual lines} (7... Rb8 8. axb5 axb5 9. O-O O-O 10. Re1 d6 11. c3 Be6 12. Bxe6 fxe6 13. Bg5 Nd7 14. Be3 d5 15. Nbd2 Nc5 16. Nb3 Na4 17. Qe2 Bd6 18. d4 dxe4 19. Nxe5 Bxe5 20. dxe5 Nxe5 {1-0 (43) Adams,M (2738)-Shirov,A (2630) Douglas 2017}) 8. g4 (8. O-O $11) 8... h6 $15 (8... Nxg4 $6 9. Rg1 $14) 9. a5 d6 $146 {Black is slightly better.} (9... Nxg4 10. Rg1 $14) ({Predecessor:} 9... d5 10. Ba4 Bd7 11. Nbd2 O-O 12. Rg1 Re8 13. c3 bxc3 14. bxc3 dxe4 15. Nxe4 Nxe4 16. dxe4 {1-0 (31) Kuzmin,G (2546)-Bezman,V (2405) Alushta 1999}) 10. Ba4 Bd7 11. Rg1 Nb8 12. Bxd7+ Qxd7 13. h3 c5 14. Nbd2 Nc6 15. Nc4 Rb8 16. Be3 Qc7 17. Nfd2 (17. Kf1 $11) 17... Rb5 (17... d5 $15 18. exd5 Nxd5) 18. Nb3 d5 (18... Nd7 $11) 19. exd5 $14 Nxd5 20. Qf3 $36 {[%mdl 2048] White has good play.} Nxe3 21. fxe3 Bh4+ 22. Ke2 O-O 23. Raf1 Bg5 24. Qe4 (24. Qh1 $5 {[%cal Rh3h4]}) 24... Bd8 ({Black should try} 24... Re8 $14) 25. Qd5 Qb7 (25... Bg5 $14) 26. Kd1 ({Weaker is} 26. Nxc5 Be7 $15) (26. Qh1 $16) 26... Be7 (26... Nxa5 $14 27. Qxb7 Nxb7) 27. Qe4 $16 Qd7 28. Rh1 Bh4 29. Rf3 ({Don't play} 29. Nxe5 Nxe5 30. Qxe5 Rc8 $17) 29... Qe6 30. Rff1 (30. Kc1 $16) 30... Re8 31. Ke2 Qd7 32. Qf5 Qe7 $2 {[#]} (32... Re6 $1 $11) 33. Nd6 $1 $18 {[%mdl 576] Double Attack} Rf8 (33... Qxd6 34. Qxf7+) 34. Nxb5 axb5 35. Qe4 Qd6 36. Ra1 Re8 37. a6 {[#] Hoping for a7.} c4 38. dxc4 bxc4 39. Nd2 Qc7 ({Of course not} 39... Rd8 40. Nf3) 40. a7 Nxa7 {intending ...c3.} 41. Qxc4 Nc6 42. b3 ({Better is} 42. Qe4 $18) 42... Nd4+ $2 {[%mdl 8192]} (42... Rc8 $16 {is more resistant.}) 43. exd4 exd4+ 44. Kd1 {[%cal Be2d1,Bd1c1,Bc1b2][%mdl 32]} Qg3 {( -> ...Re1+)} 45. Kc1 Re1+ (45... d3 $142) 46. Rxe1 Qxe1+ 47. Kb2 {Ra8+ would kill now.} Qxd2 48. Qc8+ Kh7 49. Qf5+ {[%mdl 64] Double Attack. Accuracy: White = 47%, Black = 27%.} 1-0

[Event "Orbis-2 IM 2018"]
[Site "Paracin"]
[Date "2018.12.06"]
[Round "5"]
[White "Besedes, Danilo"]
[Black "Sahil, Tickoo"]
[Result "0-1"]
[WhiteElo "2300"]
[BlackElo "2224"]
[Annotator "NA"]
[PlyCount "84"]
[EventDate "2018.12.03"]
[EventType "tourn"]
[EventCountry "SRB"]
[SourceTitle "playchess.com"]
[Source "ChessBase"]
[SourceQuality "1"]
[TimeControl "40/5400+30:1800+30"]

1. d4 {[%emt 0:01:47]} d5 {[%emt 0:00:00]} 2. Nf3 {[%emt 0:00:57]} Nf6 {[%emt 0:00:00]} 3. Bf4 {[%emt 0:00:06]} e6 {[%emt 0:01:57]} 4. e3 {[%emt 0:00:44]} Bd6 {[%emt 0:00:57]} 5. Bg3 {[%emt 0:00:02]} c5 {[%emt 0:03:57]} 6. c3 {[%emt 0:00:05] D02: 1 d4 d5 2 Nf3 sidelines, including 2...Nf6 3 g3 and 2...Nf6 3 Bf4} Qc7 {[%emt 0:00:48]} (6... O-O 7. Nbd2 Qc7 8. Bd3 Nbd7 9. e4 cxd4 10. cxd4 dxe4 11. Nxe4 Nxe4 12. Bxe4 Nf6 13. Bd3 Qa5+ 14. Ke2 Rd8 15. Bh4 Bd7 16. Bxf6 gxf6 {0-1 (38) So,W (2815)-Carlsen,M (2832) chess.com INT 2017}) 7. Bxd6 {[%emt 0:02:05]} Qxd6 {[%emt 0:00:38]} 8. Ne5 {[%emt 0:00:00]} Nbd7 {[%emt 0:11:29]} 9. f4 {[%emt 0:00:03]} Ne4 {[%emt 0:05:21]} 10. Nd2 {[%emt 0:00:26]} Nxd2 {[%emt 0:00:33]} 11. Qxd2 $146 {[%emt 0:00:10]} ({Predecessor:} 11. Kxd2 O-O 12. Nxd7 Bxd7 13. g3 {0-1 (33) Mira,H (2175)-Garcia Vicente,N (2230) Thessaloniki 1988}) 11... f6 {[%emt 0:02:19]} 12. Nxd7 {[%emt 0:02:01]} Bxd7 {[%emt 0:00:22]} 13. Be2 {[%emt 0:00:59]} O-O {[%emt 0:00:57]} 14. O-O {[%emt 0:00:42]} Rad8 {[%emt 0:25:06]} 15. Rad1 {[%emt 0:04:06]} b6 {[%emt 0:15:50]} 16. Bf3 {[%emt 0:02:14]} Be8 {[%emt 0:07:45]} 17. g3 {[%emt 0:05:22]} Bg6 {[%emt 0:01:21]} 18. Qe2 {[%emt 0:00:39]} Qe7 {[%emt 0:06:23]} 19. Rd2 {[%emt 0:00:43]} Rd6 {[%emt 0:00:56]} 20. Rfd1 {[%emt 0:00:27]} Rfd8 {[%emt 0:00:23]} 21. g4 {[%emt 0:04:16]} Be4 {[%emt 0:03:06]} 22. Bxe4 {[%emt 0:02:49]} dxe4 {[%emt 0:00:01]} 23. Qc4 {[%emt 0:00:08]} Rd5 {[%emt 0:02:40]} 24. Qe2 {[%emt 0:01:57]} cxd4 {[%emt 0:02:53]} 25. exd4 {[%emt 0:02:03]} f5 {[%emt 0:00:38]} 26. gxf5 {[%emt 0:03:16]} exf5 {[%emt 0:00:43]} 27. c4 {[%emt 0:00:47]} R5d6 {[%emt 0:00:01]} 28. Qe3 {[%emt 0:00:02]} Rg6+ {[%emt 0:00:50]} 29. Rg2 {[%emt 0:01:21]} Rxg2+ {[%emt 0:03:38]} 30. Kxg2 {[%emt 0:00:03]} h6 {[%emt 0:01:38]} 31. Rd2 {[%emt 0:02:36]} Kh7 {[%emt 0:00:13]} 32. d5 {[%emt 0:06:00]} Rd6 {[%emt 0:00:04]} 33. Kh1 {[%emt 0:00:18]} Rg6 {[%emt 0:00:21]} 34. a3 {[%emt 0:01:47]} a5 {[%emt 0:00:06]} 35. Rg2 {[%emt 0:02:20]} Rxg2 {[%emt 0:00:25]} 36. Kxg2 {[%emt 0:00:02] [#]} Qc7 $1 {[%emt 0:02:05]} 37. Qc1 {[%emt 0:05:29] [#]} a4 $1 {[%emt 0:00:00]} 38. Qd1 {[%emt 0:00:51]} Qxf4 {[%emt 0:01:22]} 39. d6 $19 {[%emt 0:00:00]} e3 {[%emt 0:00:00]} 40. d7 {[%emt 0:01:56]} Qf2+ {[%emt 0:00:00]} 41. Kh3 {[%emt 0:31:45]} e2 {[%emt 0:02:31]} 42. d8=Q {[%emt 0:02:38]} Qf3+ {[%emt 0:00:12]} 0-1

[Event "Orbis-2 IM 2018"]
[Site "Paracin"]
[Date "2018.12.06"]
[Round "5"]
[White "Konstantinov, Aleksandar"]
[Black "Karthik Kumar Pradeep"]
[Result "0-1"]
[WhiteElo "2080"]
[BlackElo "2230"]
[Annotator "NA"]
[PlyCount "56"]
[EventDate "2018.12.03"]
[EventType "tourn"]
[EventCountry "SRB"]
[SourceTitle "playchess.com"]
[Source "ChessBase"]
[SourceQuality "1"]
[TimeControl "40/5400+30:1800+30"]

1. d4 Nf6 2. c4 e6 3. Nc3 Bb4 4. e3 O-O 5. a3 Bxc3+ 6. bxc3 b6 7. Bd3 Bb7 8. f3 c5 9. Ne2 Nc6 10. O-O d6 11. e4 Ne8 12. Be3 {LiveBook: 7 Games} Qd7 {E28: Nimzo-Indian: Sämisch: 5...0-0 6 e3} (12... Rc8 13. Ng3 cxd4 14. cxd4 e5 15. d5 Na5 16. Rc1 Ba6 17. Qa4 f6 18. f4 Rf7 19. Be2 exf4 20. Rxf4 {1-0 (35) Shengelia,D (2529)-Bernasek,J (2506) Austria 2012}) 13. f4 (13. Nc1 $14) 13... f5 14. d5 $146 ({Predecessor:} 14. Ng3 $11 {keeps the balance.} g6 15. Qe2 Ng7 16. Rad1 Na5 17. d5 Rae8 18. Rfe1 fxe4 19. Nxe4 Nf5 20. Bf2 Kg7 21. g4 Ne7 22. Ng5 {1-0 (22) Epelman,E-Prokopp,H ICCF corr 1967}) 14... Ne7 15. Ng3 fxe4 16. Bxe4 exd5 17. Bxd5+ Nxd5 18. cxd5 b5 19. Qf3 Nf6 20. Rad1 Rae8 21. Bf2 Qf7 22. Nf5 $19 Ne4 23. g4 h5 24. h3 hxg4 25. hxg4 Qg6 26. Ng3 Ng5 27. Qd3 Nh3+ 28. Kh2 Qxg4 0-1

[Event "Orbis-2 IM 2018"]
[Site "Paracin"]
[Date "2018.12.07"]
[Round "6"]
[White "Besedes, Danilo"]
[Black "Sredojevic, Ivan"]
[Result "1-0"]
[WhiteElo "2300"]
[BlackElo "2271"]
[Annotator "NA"]
[PlyCount "81"]
[EventDate "2018.12.03"]
[EventType "tourn"]
[EventCountry "SRB"]
[SourceTitle "playchess.com"]
[Source "ChessBase"]
[SourceQuality "1"]
[TimeControl "40/5400+30:1800+30"]

1. d4 {[%emt 0:00:00]} Nf6 {[%emt 0:01:25]} 2. Nf3 {[%emt 0:00:00]} g6 {[%emt 0:00:29]} 3. g3 {[%emt 0:00:00]} Bg7 {[%emt 0:00:05]} 4. Bg2 {[%emt 0:00:00]} O-O {[%emt 0:00:05]} 5. O-O {[%emt 0:00:00]} d6 {[%emt 0:00:05]} 6. c4 {[%emt 0:00:00]} Nbd7 {[%emt 0:02:31]} 7. Nc3 {[%emt 0:00:12]} c6 {[%emt 0:00:07]} 8. e4 {[%emt 0:00:30]} e5 {[%emt 0:00:27]} 9. d5 {[%emt 0:00:39]} Nc5 {[%emt 0:00:36]} 10. Ne1 {[%emt 0:01:51] E68: King's Indian: Fianchetto: 6...Nbd7 7 0-0 e5 8 e4} (10. Qc2 a5 11. Rd1 Qe7 12. b3 cxd5 13. cxd5 Bd7 14. Qe2 b5 15. Bg5 b4 16. Bxf6 Qxf6 17. Nb1 Qe7 18. Nbd2 {0-1 (36) Wiewiora,E (2320)-Kovalev,V (2639) Katowice 2017}) 10... cxd5 {[%emt 0:00:28]} 11. cxd5 {[%emt 0:00:30] LiveBook: 12 Games} Bg4 {[%emt 0:03:33]} 12. Qc2 {[%emt 0:01:37]} (12. f3 $5 {[%cal Rf3g4]} Bd7 13. Be3 $14) 12... Rc8 {[%emt 0:00:18]} 13. f3 {[%emt 0:01:37]} Bd7 $1 {[%emt 0:01:23]} 14. Be3 $146 {[%emt 0:01:22]} ({Predecessor:} 14. Nd3 Na4 15. Be3 Qa5 16. Rfc1 Nxc3 17. bxc3 Rc7 {½-½ (30) Jaracz,P (2485)-Agopov,M (2410) Germany 2006}) 14... b5 {[%emt 0:02:33]} 15. Nd3 {[%emt 0:00:23]} Nxd3 {[%emt 0:03:25]} 16. Qxd3 {[%emt 0:00:19]} b4 {[%emt 0:00:01]} ({Black should try} 16... a6 $14) 17. Nb5 {[%emt 0:01:26]} Bxb5 {[%emt 0:12:11]} 18. Qxb5 {[%emt 0:00:55]} Nd7 {[%emt 0:04:37]} 19. Qxb4 {[%emt 0:01:24]} Nc5 {[%emt 0:00:50]} 20. Rfc1 {[%emt 0:01:13]} f5 {[%emt 0:00:08]} 21. Qd2 {[%emt 0:06:22]} a5 $18 {[%emt 0:02:14]} 22. Rc2 {[%emt 0:02:56]} f4 {[%emt 0:00:15]} 23. Bf2 {[%emt 0:00:09]} Bf6 {[%emt 0:00:07]} 24. Rd1 {[%emt 0:17:31]} Bg5 {[%emt 0:01:51]} 25. g4 {[%emt 0:00:31]} Bh4 {[%emt 0:00:08]} 26. Bxc5 {[%emt 0:03:32]} dxc5 {[%emt 0:03:07]} 27. d6 {[%emt 0:00:42]} Qb6 {[%emt 0:01:46]} 28. Bf1 {[%emt 0:01:40]} Kh8 {[%emt 0:00:45]} 29. Bc4 {[%emt 0:00:17]} Rcd8 {[%emt 0:13:10]} 30. Qd5 {[%emt 0:01:46]} Rf6 {[%emt 0:00:08]} 31. d7 {[%emt 0:09:01]} Qc7 {[%emt 0:00:20]} 32. Bb5 {[%emt 0:00:16]} c4 {[%emt 0:00:10]} 33. Rxc4 {[%emt 0:00:58]} Qb6+ {[%emt 0:00:25]} 34. Qc5 {[%emt 0:00:02]} Qb8 {[%emt 0:00:11]} 35. Kg2 {[%emt 0:01:10]} Re6 {[%emt 0:00:01]} 36. a4 {[%emt 0:02:17]} h5 {[%emt 0:00:08]} 37. gxh5 {[%emt 0:01:56]} gxh5 {[%emt 0:00:23]} 38. Kh3 {[%emt 0:00:08]} Be7 {[%emt 0:00:13]} 39. Qd5 {[%emt 0:01:29]} Rg6 {[%emt 0:00:04]} 40. Rc6 {[%emt 0:00:00]} Rg5 {[%emt 0:00:00]} 41. Qf7 {[%emt 0:01:10]} 1-0

[Event "Orbis-2 IM 2018"]
[Site "Paracin"]
[Date "2018.12.07"]
[Round "6"]
[White "Sahil, Tickoo"]
[Black "Rakshitta Ravi"]
[Result "1/2-1/2"]
[WhiteElo "2224"]
[BlackElo "2141"]
[Annotator "NA"]
[PlyCount "143"]
[EventDate "2018.12.03"]
[EventType "tourn"]
[EventCountry "SRB"]
[SourceTitle "playchess.com"]
[Source "ChessBase"]
[SourceQuality "1"]
[TimeControl "40/5400+30:1800+30"]

1. d4 {[%emt 0:00:00]} Nf6 {[%emt 0:01:03]} 2. Nf3 {[%emt 0:00:00]} e6 {[%emt 0:00:09]} 3. Bf4 {[%emt 0:00:00]} Be7 {[%emt 0:00:29]} 4. c3 {[%emt 0:05:59] A46: 1 d4 Nf6 2 Nf3 e6: Torre, London and Colle Systems} O-O {[%emt 0:01:43]} 5. Nbd2 {[%emt 0:02:03]} d5 {[%emt 0:00:15]} (5... Nh5 $5 {[%cal Rh5f4]} 6. e3 Nxf4 7. exf4 d5 $11) 6. e3 {[%emt 0:00:39]} b6 {[%emt 0:01:22] LiveBook: 3 Games} 7. Qb1 $146 {[%emt 0:13:19]} ({Predecessor:} 7. Ne5 Nfd7 8. Ndf3 f6 9. Nxd7 Qxd7 10. a4 a5 11. Bd3 Ba6 12. O-O c5 13. Re1 Bxd3 14. Qxd3 {0-1 (56) Appel,R (2541)-Bareev,E (2655) Mainz 2008}) 7... Ba6 {[%emt 0:03:31]} 8. Bxa6 {[%emt 0:00:24]} Nxa6 {[%emt 0:00:01]} 9. e4 {[%emt 0:02:51]} dxe4 {[%emt 0:02:56]} 10. Nxe4 {[%emt 0:00:16]} c5 {[%emt 0:02:31]} 11. O-O {[%emt 0:11:00]} cxd4 {[%emt 0:01:17]} 12. Nxd4 {[%emt 0:04:24]} Qd5 {[%emt 0:05:01]} 13. Nxf6+ {[%emt 0:07:02]} Bxf6 {[%emt 0:00:03]} 14. Rd1 {[%emt 0:01:35]} Rfd8 {[%emt 0:05:51]} 15. Nb3 {[%emt 0:01:21]} Qc4 {[%emt 0:01:41]} 16. Bg3 {[%emt 0:07:00]} Rxd1+ {[%emt 0:09:57]} 17. Qxd1 {[%emt 0:00:10]} Rd8 {[%emt 0:00:07]} 18. Qf1 {[%emt 0:00:22]} Qxf1+ {[%emt 0:02:25]} 19. Kxf1 {[%emt 0:01:33]} Kf8 {[%emt 0:00:13]} 20. Ke2 {[%emt 0:00:28]} Ke7 {[%emt 0:00:17]} 21. f3 {[%emt 0:01:11]} Rd5 {[%emt 0:01:02]} 22. Rd1 {[%emt 0:00:39]} Rxd1 {[%emt 0:01:24]} 23. Kxd1 {[%emt 0:00:01]} Kd7 {[%emt 0:00:26]} 24. Kc2 {[%emt 0:00:30]} Kc6 {[%emt 0:00:15]} 25. Kd3 {[%emt 0:03:05]} Kd5 {[%emt 0:02:26]} 26. Bf2 {[%emt 0:06:04]} g6 {[%emt 0:05:07]} 27. a3 {[%emt 0:09:39]} e5 {[%emt 0:06:24]} 28. Nd2 {[%emt 0:03:48]} Be7 {[%emt 0:04:20]} 29. c4+ {[%emt 0:01:08]} Ke6 {[%emt 0:01:24]} 30. b4 {[%emt 0:00:29]} Nb8 {[%emt 0:02:55]} 31. Nb1 {[%emt 0:06:57]} Na6 {[%emt 0:16:15]} 32. Nc3 {[%emt 0:01:55]} Nc7 {[%emt 0:00:10]} 33. Na4 {[%emt 0:06:41]} f5 {[%emt 0:06:20]} 34. Nc3 {[%emt 0:02:56]} Kd7 {[%emt 0:01:11]} 35. Nd5 {[%emt 0:01:20]} Bd8 {[%emt 0:09:41]} 36. Nxc7 {[%emt 0:00:27]} Bxc7 {[%emt 0:00:26]} 37. h3 {[%emt 0:00:13]} Bd6 {[%emt 0:00:39]} 38. Kc3 {[%emt 0:00:42]} Ke6 {[%emt 0:03:51]} 39. Kd3 {[%emt 0:00:25]} Kd7 {[%emt 0:00:16]} 40. Be3 {[%emt 0:00:00]} Kc7 {[%emt 0:00:00]} 41. g4 {[%emt 0:01:44]} a5 {[%emt 0:04:37]} 42. c5 {[%emt 0:02:00]} bxc5 {[%emt 0:00:16]} 43. bxa5 {[%emt 0:00:01]} Kc6 {[%emt 0:01:58]} 44. gxf5 {[%emt 0:01:53]} gxf5 {[%emt 0:00:02]} 45. Kc4 {[%emt 0:00:09]} e4 {[%emt 0:05:51]} 46. fxe4 {[%emt 0:01:31]} fxe4 {[%emt 0:00:01]} 47. a6 {[%emt 0:02:08]} Kb6 $11 {[%emt 0:00:11]} 48. Kd5 {[%emt 0:07:13]} Bf8 {[%emt 0:00:02]} 49. a7 {[%emt 0:03:13]} Kxa7 {[%emt 0:00:06]} 50. Kxe4 {[%emt 0:00:01]} Kb6 {[%emt 0:00:09]} 51. Kd3 {[%emt 0:03:31]} Kb5 {[%emt 0:00:06]} 52. Bc1 {[%emt 0:00:27]} c4+ {[%emt 0:00:45]} 53. Kc2 {[%emt 0:02:34]} h5 {[%emt 0:00:14]} 54. Bb2 {[%emt 0:00:44]} Ka4 {[%emt 0:00:06]} 55. Bc1 {[%emt 0:00:36]} Bxa3 {[%emt 0:00:20]} 56. Bxa3 {[%emt 0:00:17]} Kxa3 {[%emt 0:00:04]} 57. Kc3 {[%emt 0:00:00]} h4 {[%emt 0:00:06]} 58. Kxc4 {[%emt 0:00:04]} Ka4 {[%emt 0:00:02]} 59. Kd4 {[%emt 0:00:06]} Kb4 {[%emt 0:00:02]} 60. Ke4 {[%emt 0:00:03]} Kc5 {[%emt 0:00:06]} 61. Kf5 {[%emt 0:00:01]} Kd5 {[%emt 0:00:15]} 62. Kg5 {[%emt 0:00:02]} Ke5 {[%emt 0:00:03]} 63. Kxh4 {[%emt 0:00:04]} Kf6 {[%emt 0:00:02]} 64. Kh5 {[%emt 0:00:04]} Kg7 {[%emt 0:00:02]} 65. h4 {[%emt 0:00:03]} Kh7 {[%emt 0:00:07]} 66. Kg5 {[%emt 0:00:02]} Kg7 {[%emt 0:00:01]} 67. h5 {[%emt 0:00:01]} Kh7 {[%emt 0:00:15]} 68. h6 {[%emt 0:00:01]} Kg8 {[%emt 0:00:01]} 69. Kh5 {[%emt 0:00:06]} Kh7 {[%emt 0:00:07]} 70. Kg5 {[%emt 0:00:02]} Kg8 {[%emt 0:00:01]} 71. Kg6 {[%emt 0:00:00]} Kh8 {[%emt 0:00:01]} 72. h7 {[%emt 0:00:01]} 1/2-1/2

[Event "Orbis-2 IM 2018"]
[Site "Paracin"]
[Date "2018.12.07"]
[Round "7"]
[White "Lajthajm, Borko"]
[Black "Mladenovic, Stefan"]
[Result "1/2-1/2"]
[WhiteElo "2405"]
[BlackElo "2330"]
[Annotator "TA"]
[PlyCount "21"]
[EventDate "2018.12.03"]
[EventType "tourn"]
[EventCountry "SRB"]
[SourceTitle "playchess.com"]
[Source "ChessBase"]
[SourceQuality "1"]

{[%evp 11,21,-4,13,-2,2,-2,4,6,0,6,23,-15]} 1. d4 Nf6 2. c4 e6 3. Nf3 b6 4. Nc3 Bb4 5. Bd2 Bb7 6. e3 O-O {LiveBook: 193 Games} 7. Rc1 {E21: Nimzo-Indian: 4 Nf3} (7. Bd3 d5 8. cxd5 exd5 9. Rc1 Be7 10. O-O c5 11. Ne5 Nc6 12. Be1 a6 13. f3 cxd4 14. Nxc6 Bxc6 15. exd4 Bb7 16. Bh4 Nh5 17. Bxe7 Qxe7 {1-0 (59) Yu,Y (2759)-Wang,H (2710) Tianjin 2018}) 7... d6 8. Bd3 Nbd7 9. a3 Bxc3 $1 10. Bxc3 Qe7 11. Be2 $146 ({Predecessor:} 11. O-O Ne4 12. Bxe4 Bxe4 13. Nd2 Bb7 14. e4 f5 15. f3 fxe4 16. Nxe4 Bxe4 17. fxe4 Rxf1+ 18. Qxf1 Rf8 19. Qd3 {½-½ (19) Zavurkova,M (1720)-Hurtak,O (1995) Ricany 2014}) 1/2-1/2

[Event "Orbis-2 IM 2018"]
[Site "Paracin"]
[Date "2018.12.07"]
[Round "7"]
[White "Klasan, Vladimir"]
[Black "Karthik Kumar Pradeep"]
[Result "1/2-1/2"]
[WhiteElo "2364"]
[BlackElo "2230"]
[Annotator "TA"]
[PlyCount "45"]
[EventDate "2018.12.03"]
[EventType "tourn"]
[EventCountry "SRB"]
[SourceTitle "playchess.com"]
[Source "ChessBase"]
[SourceQuality "1"]

{[%evp 36,45,0,0,0,0,0,0,0,0,0,0]} 1. e4 c6 2. d4 d5 3. Nc3 dxe4 4. Nxe4 Bf5 5. Ng3 Bg6 6. h4 {[%cal Bh2h4,Bh4h5][%mdl 32]} h6 7. Nf3 Nd7 8. h5 Bh7 9. Bd3 Bxd3 10. Qxd3 e6 11. Bd2 Ngf6 12. O-O-O Be7 13. Ne4 Nxe4 14. Qxe4 Nf6 {[%cal Bd7f6,Bf6g4,Bg4f2,Bf2d1][%mdl 32] B19: Classical Caro-Kann: 4...Bf5 main line} 15. Qd3 (15. Qe2 Qd5 16. c4 Qe4 17. Qxe4 Nxe4 18. Be3 f5 19. Kc2 Rd8 20. Nd2 Nf6 21. Nf3 Ne4 22. Nd2 Nf6 23. Nf3 Ne4 {½-½ (23) Mista,A (2606)-Tomczak,J (2615) Poland 2017}) 15... O-O 16. g4 Nxg4 17. Rhg1 Nxf2 18. Qe2 Nxd1 19. Bxh6 $1 {LiveBook: 6 Games. The position is equal.} Bf6 {[#] Threatens to win with ...Kh8.} 20. Bxg7 $1 Bxg7 21. h6 $1 {White threatens Qe5 and mate.} Qf6 $1 {[%cal Rf6h6]} 22. Rxg7+ Kh8 $146 23. Ng5 $1 1/2-1/2

[Event "Orbis-2 IM 2018"]
[Site "Paracin"]
[Date "2018.12.07"]
[Round "7"]
[White "Sredojevic, Ivan"]
[Black "Sahil, Tickoo"]
[Result "1/2-1/2"]
[WhiteElo "2271"]
[BlackElo "2224"]
[Annotator "TA"]
[PlyCount "17"]
[EventDate "2018.12.03"]
[EventType "tourn"]
[EventCountry "SRB"]
[SourceTitle "playchess.com"]
[Source "ChessBase"]
[SourceQuality "1"]

{[%evp 11,17,10,17,-16,-4,-22,-26,-8]} 1. e4 c5 2. Nf3 d6 3. Bb5+ Bd7 4. Bxd7+ Nxd7 5. d4 cxd4 6. Nxd4 Ngf6 {LiveBook: 6 Games. B52: Sicilian: Moscow Variation with 3...Bd7} (6... g6 7. O-O Bg7 8. c4 Ngf6 9. Nc3 O-O 10. Be3 Qa5 11. f3 Rfc8 12. Qb3 Ne5 13. Qxb7 Nxc4 14. Bf2 Rab8 15. Qxe7 Re8 16. b4 Qxb4 17. Qc7 Rbc8 18. Qxa7 Qxc3 19. a4 Nd2 20. Nb5 Qc6 21. Rfd1 Nfxe4 22. fxe4 Bxa1 23. Rxa1 Nxe4 24. Bd4 Qc1+ {0-1 (24) Camacho Collados,J (2383)-Petursson,M (2520) Berlin 2015}) 7. f3 d5 8. exd5 Nxd5 9. c4 $146 ({Predecessor:} 9. O-O g6 10. Re1 Bg7 11. Nf5 Qb6+ {½-½ (44) Grabuzova,T (2281)-Lopatskaya,E (2284) Moscow 1999}) 1/2-1/2